E-work in the European Union and other regions
Vymedzenie pojmu e-práca. Jej výhody. Využívanie e-práce v Európskej únii podľa jednotlivých odvetví. E-práca v službách a outsourcingu.
Salvato in:
| Autore principale: | |
|---|---|
| Altri autori: | |
| Natura: | Capitolo di libro |
| Lingua: | inglese |
| Soggetti: | |
| Tags: |
Nessun Tag, puoi essere il primo ad aggiungerne!!
|
MARC
| LEADER | 00000naa a2200000 4500 | ||
|---|---|---|---|
| 001 | 0123721 | ||
| 005 | 20240502072409.2 | ||
| 041 | 0 | |a eng | |
| 044 | |a SK | ||
| 245 | 1 | 0 | |a E-work in the European Union and other regions |c Janette Retová, Attila Pólya |
| 520 | |a Vymedzenie pojmu e-práca. Jej výhody. Využívanie e-práce v Európskej únii podľa jednotlivých odvetví. E-práca v službách a outsourcingu. | ||
| 610 | 2 | 0 | |a technológie informačné |
| 610 | 2 | 0 | |a technológie komunikačné |
| 610 | 2 | 0 | |a podnikanie elektronické |
| 610 | 2 | 0 | |a práca z domu |
| 610 | 2 | 0 | |a Európska únia |
| 610 | 2 | 0 | |a internet |
| 100 | 1 | |a Retová, Janette | |
| 700 | 1 | |a Pólya, Attila | |